Word Ladder: Rubber Soul Quiz Stats

 Plays Quiz Updated Jul 19, 2019

Score 0/23 Timer 03:00
0 Plays Today
Clue Word % Correct
☆ 'Run For Your ____' ☆• LIFE •
94.8%
Respiratory organ for fishGILL
92.7%
'Fantastic Beasts and Where to ____ Them'FIND
92.5%
Talk informallyCHAT
91.6%
Horned animal, closely related to sheepGOAT
91.6%
Layer of paint (or a cold weather clothing necessity)COAT
91.6%
Money owed for breaking a ruleFINE
91.4%
Name of 'Au'GOLD
90.2%
Tie or fasten tightlyBIND
89.8%
Provoke or annoyGOAD
88.4%
Small, shrill fluteFIFE
88.2%
☆ 'Norwegian [Rung 1] (This ____ Has Flown)' ☆• BIRD •
87.3%
Clue Word % Correct
Cover thinly with [Rung 13]GILD
86.9%
☆ 'You ____ See Me' ☆• WON'T •
82.4%
Partner of 'need' in economicsWANT
80.2%
☆ '____' ☆ ('Is there anybody going to listen to my story...')• GIRL •
79.2%
Encircle with a belt or bandGIRD
77%
☆ 'Norwegian ____ (This [Rung 18] Has Flown)' ☆• WOOD •
71.9%
☆ 'The ____' ☆ (Have you heard? It's 'Love.')• WORD •
68.8%
☆ '____ Goes On' ☆• WHAT •
67%
Liquid with the sugars used to ferment beerWORT
62.3%
☆ '____' ☆ ('It's been a long time, now I'm coming back home...')• WAIT •
58.4%
Very small amountWHIT
56%

Today's Daily Dose

Missing Word
Celine Dion

Word Ladder
Dr. Seuss Books

Quick Pick
Cities in India

Get the Picture
'A' Actresses

You're not logged in!

Compare scores with friends on all Sporcle quizzes.
OR
Log In

Sporcle TV

Today on Sporcle TV


Watch our educational content, quiz creation guides, and fun videos on Sporcle TV.

Show Comments

Extras

Top Quizzes Today


Score Distribution

Your Account Isn't Verified!

In order to create a playlist on Sporcle, you need to verify the email address you used during registration. Go to your Sporcle Settings to finish the process.

Report this User

Report this user for behavior that violates our Community Guidelines.

Details: